| 000 | 00690nam a22002177a 4500 | ||
|---|---|---|---|
| 005 | 20120927134221.0 | ||
| 008 | 120927s2011 si ill | |||| 001 0 eng d | ||
| 020 | _a0071311181 | ||
| 020 | _a9780071311182 | ||
| 082 |
_222 _a004.256 _bMCL |
||
| 100 |
_aMcLoughlin, Ian _930985 |
||
| 245 |
_aComputer architecture : an embedded approach / _cIan McLoughlin. |
||
| 260 |
_aSingapore : _bMcGraw-Hill Education (Asia), _cc2011. |
||
| 300 |
_axviii, 498 p. : _bill. ; _c24 cm. |
||
| 500 | _aIncludes index. | ||
| 650 |
_aEmbedded computer systems _930986 |
||
| 650 |
_aComputer architecture _930987 |
||
| 650 |
_aComputer organization _930988 |
||
| 653 |
_bCS _cSeptember2012 |
||
| 942 |
_2ddc _cBB |
||
| 999 |
_c17032 _d17004 |
||